| 000 | 01393nam a2200361 c 4500 | ||
|---|---|---|---|
| 003 | BLK | ||
| 005 | 20220708163506.0 | ||
| 008 | 180413b bul|||||r ||||||| ||bul|| | ||
| 010 | _aKNG00023646000 | ||
| 020 |
_a954-657-173-3 _bиздат.: Пан |
||
| 040 | _aBLK | ||
| 041 |
_aBUL _cBUL |
||
| 080 |
_aФинландска литература _b821.511.111 _x-93-34 _z821.511.111-93-34 |
||
| 100 | 1 |
_aЯнсон, Туве _eпърви автор _9265612 |
|
| 700 | 1 |
_aДжебарова, Теодора Иванова _eпрев. от швед. _9265613 |
|
| 700 | 1 |
_aЯнсон, Туве _eил. _9365645 |
|
| 139 |
_aЯнсон, Туве _bЯ 67 |
||
| 245 | 1 | 0 |
_aПриказки _cТуве Янсон; прев. от швед. Теодора Иванова Джебарова; ил. Туве Янсон. |
| 257 | _aFIN | ||
| 260 |
_аСофия _bПан _c1998 _fСофия : Балкан прес |
||
| 300 |
_a171 с. _bс ил. _c20 см |
||
| 380 | _aDX | ||
| 490 | 1 |
_aМайстори на приказката _v13 |
|
| 500 | _aОриг. загл. Det osynliga barnet / Tove Jansson. - 3 000 тир. | ||
| 653 | _aприказки | ||
| 653 | _aдетска литература | ||
| 653 | _aлитература за деца | ||
| 852 | _aЦб 196935 | ||
| 856 | 4 |
_qpdf _u |
|
| 856 | 4 |
_qpdf _u |
|
| 942 |
_cKNG _n0 _02 |
||
| 944 |
_aCR _c15.01.2003 _kAB_DOS |
||
| 944 |
_aED _c02.10.2015 _kЕлица_Владова |
||
| 999 |
_c21369 _d21369 |
||